00435cam a2200169ua 4500001000500000005001700005008003900022020001800061040000900079082001200088100002300100245004100123260005100164300001000215653001200225653002800237571120260515113927.0131008n ii |||gr||||Z||||||eng a81-7022-224-9 cMAIN a954.1621 aBose,M.L,eAuthor. aSocial History of Assamcby M.L.Bose aNew Delhi:bConcept Publishing Company,c2003. a110p. aHistory aSocial History Of Assam